000 00337nam a22001217a 4500
082 _a347.42014
_bMCC
100 _aMcCluskey Lord
245 _aLaw, Justice & Democracy /
_cLord McCluskey
260 _aLondon,
_bSweet & Maxwell BBC Books
_c1987.
300 _a116,p.
_c25,cm.
650 _aLaw, Justice
_9127988
942 _2ddc
_cBK
999 _c612980
_d612980